Statistics for Daily Country Riddle #12

Click here to take the quiz!

General Stats

  • This quiz has been taken 413 times
  • The average score is 13 of 17

Answer Stats

TypeAnswer% Correct
Found LetterA
100%
Found LetterI
93%
Correctly Placed LetterA
87%
Found LetterA
85%
Correctly Placed LetterI
85%
Found LetterL
85%
Found LetterR
79%
Found LetterB
77%
Found LetterG
76%
Found LetterU
76%
Correctly Placed LetterL
75%
Correctly Placed LetterA
73%
Correctly Placed LetterG
65%
Correctly Placed LetterR
64%
Correctly Placed LetterB
63%
Correctly Placed LetterU
63%
AnswerBulgaria
61%

Score Distribution

Percentile by Number Answered

Percent of People with Each Score

Your Score History

You have not taken this quiz